LIBRARY & INFORMATION CENTRE, KCAET, TAVANUR

ONLINE PUBLIC ACCESS CATALOGUE (OPAC)

entrepreneurship in agriculture: Scopes and opportunities (Record no. 13780)

MARC details
000 -LEADER
fixed length control field 00406nam a22001577a 4500
020 ## - INTERNATIONAL STANDARD BOOK NUMBER
ISBN 9788183212212
082 ## - DEWEY DECIMAL CLASSIFICATION NUMBER
Classification number 338.10973
Item number RAH/EN
100 ## - MAIN ENTRY--AUTHOR NAME
Personal name Rahman,H
245 ## - TITLE STATEMENT
Title entrepreneurship in agriculture: Scopes and opportunities
260 ## - PUBLICATION, DISTRIBUTION, ETC. (IMPRINT)
Place of publication Udaipur
Name of publisher Agrotech Publishing academy
Year of publication 2011
300 ## - PHYSICAL DESCRIPTION
Number of Pages 368p
700 ## - ADDED ENTRY--PERSONAL NAME
Personal name Mohanty, A.K
700 ## - ADDED ENTRY--PERSONAL NAME
Personal name Kishore, Kundan
700 ## - ADDED ENTRY--PERSONAL NAME
Personal name Ngachan,S.V
942 ## - ADDED ENTRY ELEMENTS (KOHA)
Koha item type Books
Holdings
Withdrawn status Lost status Damaged status Collection code Home library Current library Shelving location Date acquired Source of acquisition Cost, normal purchase price Full call number Accession Number Koha item type
      Non-fiction KAUAET KAUAET General Stacks 31/03/2012 International Books & Periodicals Supply Service, Delhi 1380.00 338.10973 RAH/EN 23420 Books
free website counter